De noche vienes /

Salvato in:
Dettagli Bibliografici
Autore principale: Poniatowska, Elena (autor)
Natura: Libro
Lingua:spagnolo
Pubblicazione: México : Era, 1993, c1985
Serie:(Biblioteca Era)
Soggetti:
Tags: Aggiungi Tag
Nessun Tag, puoi essere il primo ad aggiungerne!!

MARC

LEADER 00000nam^a2200000^a^4500
001 000183772
005 20250521000000.0
009 20260310102051.541
020 |a 968-411-136-3 
037 |a Acervo ITESO - Biblioteca 
041 |a ESP 
082 |a 863.  |b PON 
100 |a Poniatowska, Elena  |e (autor) 
240 1 1 |a [De noche vienes] 
245 1 0 |a De noche vienes /  |c E. Poniatowska. 
264 4 |a México :  |b Era,  |c 1993, c1985 
300 |a 165 p. 
336 |a texto  |b txt  |2 rdacontenido 
337 |a sin mediación  |b n  |2 rdamedio 
338 |a volumen  |b nc  |2 rdasoporte 
440 1 |a (Biblioteca Era) 
545 0 |a Elena Poniatowska Amor (1932), escritora nacida en París y naturalizada mexicana en 1969. Es reconocida como una de las grandes cronistas y entrevistadoras de la literatura nacional. Entre los premios que ha ganado se cuentan: el Xavier Villaurrutia en 1970, el Premio Mazatlán en 1970 y 1993, el Premio Nacional de Periodismo en 1978 y la Medalla Gabriela Mistral en 1995. Algunas de sus obras: los cuentos Lilus Kikus (1954); literatura testimonio La noche de Tlatelolco (1971) y Fuerte es el silencio (1980); las novelas Hasta no verte, Jesús mío (1969); Querido Diego, te abraza Quiela (1978); La flor de lis (1988); Tinísima (1992); Paseo de la Reforma (1996) y La piel del cielo (2001), con esta última obra obtuvo el Premio Alfaguara de novela 2001. 
586 |a Premio Miguel de Cervantes 2013 
586 |a Premio Nacional de Ciencias y Artes, categoría Lingüística y Literatura (53°: 2002), ex aequo 
649 |a XX 
650 |a Cuentos Mexicanos 
650 |a Literatura de Mujeres -  |z México 
650 |a Literatura Mexicana -  |y Siglo XX 
910 |a Fondo General 
920 |a Impresos - Libros 
930 |a Colección General 
940 |a Literatura 
905 |a 101 
901 |a 0500124284  |b IT1  |c LIT  |u 20250521 
902 |a https://opac.biblio.iteso.mx/vufind/Record/000183772